| 000 | 00707cam a22001811 4500 | ||
|---|---|---|---|
| 082 |
_a621.71 _bGAT _c40898 |
||
| 100 | 1 |
_aGates, Philip, _942052 |
|
| 245 | 0 | 0 |
_aJigs, tools and fixtures, _bcovering the drawing and design of equipment for practically all modern machine tools, _cwith chapters on special equipment and drawing office procedure, also giving numerous examples from practice. |
| 250 | _a4th ed., rev. | ||
| 260 |
_aLondon, _bTechnical Press, _c1949. |
||
| 300 |
_axi, 209 p. _billus. _c22 cm. |
||
| 526 |
_a0 _b0 _c0 _d621_983000000000000_GAT |
||
| 650 | 0 |
_aJigs and fixtures. _942053 |
|
| 650 | 0 |
_aMachine-tools. _925078 |
|
| 650 | 0 |
_aMCE _9379 |
|
| 650 | 0 | _aMechanical drawing. | |
| 942 |
_2ddc _cBK |
||
| 999 |
_c546047 _d546047 |
||